• 首页
  • 本馆介绍
  • 公告通知
  • 最新文献
  • 馆藏检索
  • 电子资源
  • 读者导购
  • 参考咨询
  • 我的图书馆
  • 登录
  • 详细信息显示
  • 放入我的书架
  • 预约/预借图书
  • 作者相关作品
  • 分类相关作品
  • 丛书相关作品
  • 出版社相关作品

书目信息

  • 表格格式
  • 工作单格式
  • 卡片格式
题名:
物质结构习题课讲义
    
 
作者: 王凤山 编
分册:  
出版信息: 长春   吉林大学出版社  1988.12
页数: 414页
开本: 20cm
丛书名:
单 册:
中图分类: O552.5
科图分类:
主题词: 物质--结构
电子资源:
ISBN: 7-5601-0155-0
000 00602nam0 2200217 45
001 0189029537
005 20041119090210.7
010    @a7-5601-0155-0@dCNY2.60
020    @aCN@b89029537
100    @a19911017d1988 m y0chiy0120 ea
101 0  @achi
102    @aCN@b220000
105    @ay z 000yy
200 10 @a物质结构习题课讲义@Awu zhi jie gou xi ti ke jiang yi@f王凤山编@Fwang feng shan bian
210    @a长春@c吉林大学出版社@d1988.12
215    @a414页@d20cm
606 0  @a物质@x结构
690    @aO552.5@v3
701  0 @a王凤山@4编
801  0 @aCN@bNLC@c19911017
905    @dO552.5@e17@f1@b239646
    
    物质结构习题课讲义/王凤山编.-长春:吉林大学出版社,1988.12
    414页;20cm
    
    
    ISBN 7-5601-0155-0:CNY2.60
    
●
相关链接 在E读中查询图书 在五车中查询图书 在当当中查询图书 在豆瓣中查询图书


正题名:物质结构习题课讲义     索取号:O552.5/17         预约/预借

序号 登录号 条形码 馆藏地/架位号 状态 备注
1 0239643   001954656   第三借阅区/ [索取号:O552.5/17] 在馆    
2 0239644   001453590   第三借阅区/ [索取号:O552.5/17] 在馆    
3 0239645   001453563   第三借阅区/ [索取号:O552.5/17] 在馆    
4 0239646   001453607   第三借阅区/ [索取号:O552.5/17] 在馆    
5 0239647   001453652   第二样本阅览室/ [索取号:O552.5/17] 在馆    
欢迎您!
大连网信软件有限公司© 版权所有